000 01368nam a2200241Ia 4500
003 Ost
005 20260507075129.0
008 260507s9999||||xx |||||||||||||| ||und||
020 _a3051408977
040 _cfsecg
041 _aara
082 _a330
100 _aكويل، برايان
_eمؤلف
245 0 _aالتعاملات المالية للبنوك /
_c برايان كويل
260 _aالقاهرة:
_bدار الفاروق للنشر والتوزيع,
_c2006
300 _a160 صفحة؛
_bإيضاحات ؛
_c24 سم
504 _aمسرد المصطلحات ص.151
520 _aمقدمة الى التعاملات المالية للبنوك- هيكلة التمويل البنكي- كيفية سداد القروض- القروض والتسهيلات الإئتمانية- القروض والتسهيلات الإئتمانية المشتركة- القروض المضمونة والقروض غير المضمونة- الإلتزامات والإقرارات وحالات اتوقف عن السداد- عملة الإقتراض- استراتيجية الإقراض البنكي- التفاوض على القروض والتسهيلات البنكية- العلاقات البنكية ومراقبة القروض.
653 _aالبنوك
653 _aالقروض
653 _aالمعاملات البنكية
942 _cكتاب
999 _c43197
_d43197